00955 2200205 4500001002100000005001500021035002000036008004100056245003900097100002100136250000600157260003800163300001200201084001400213082000800227650001000235520048000245990001200725990001200737INLIS00000000000094120240531101444 a0010-0524000176240531 1 ind 1 aMelodie D'Amour /cJesslyn Chandra aChandra, Jesslyn a1 aYogyakarta :bSheila/ Andi,c2012 a310 hlm a813 JES m a813 4aFiksi aEmily Christine tak pernah tahu rasanya hati yang remuk redam sampai ia mengalaminya sendiri. Cinta pertamanya pergi, meninggalkan gadis itu yang bahkan tak mampu bergerak barang sesenti. Sampai suatu ketika, roda kehidupan yang berputar membawa Emily bertemu dengan seorang lelaki bermata kelabu di Paris. Sosokyang perlahan membuatnya mengertibahwa ada saatnya bertahan, ada saatnya melepaskan. Sosok yang perlahan-lahan pula menjadi melodi, mengisi dan meluruh dalam hati. a0741636 a0741637